000 00279nam a22001337a 4500
008 181101b xxu||||| |||| 00| 0 eng d
020 _a0070036721
041 _aeng
080 _a616.5
100 _a7
101 _aDER
245 _aSkin Secrets
_cBark,J.P
942 _2udc
_cBK
999 _c51523
_d51523